| 000 | 01060cam a2200181 4500 | ||
|---|---|---|---|
| 001 | X126110 | ||
| 008 | 040506n2004 000 0 eng u | ||
| 035 | _a(Sirsi) u126110 | ||
| 245 | 4 | _aThe future for Europe | |
| 260 | _c2004 | ||
| 490 |
_aBuilding _v269(8326) 2 April 2004, 65-73(9) |
||
| 520 | _aDiscusses the Euroconstruct six month report on the European construction market. It has found that total construction output within the Euroconstruct zone (which includes the UK, France and Germany) declined slightly with the new build non-residential sector experiencing the largest fall. The 2004-06 period is expected to have moderate growth varying from 1% this year to 2.3% in 2006. The German market is expected to return to growth and Hungary and Poland are expected to have the highest growth. Includes information and tables on orders and output, including regional orders. | ||
| 650 | _aEUROPEAN CONSTRUCTION | ||
| 650 | _aCONSTRUCTION ORDERS | ||
| 650 | _aCONSTRUCTION OUTPUT | ||
| 690 | _aBUILT ENVIRONMENT-CONSTRUCTION MARKET | ||
| 942 | _n0 | ||
| 999 |
_c74388 _d74388 |
||